The nature of mathematics

Αποθηκεύτηκε σε:
Λεπτομέρειες βιβλιογραφικής εγγραφής
Κύριος συγγραφέας: Young, Frederick H.
Μορφή: Βιβλίο
Γλώσσα:English
Δημοσίευση: New York : Wiley, c1968
Θέματα:
Ετικέτες: Προσθήκη ετικέτας
Δεν υπάρχουν, Καταχωρήστε ετικέτα πρώτοι!

MARC

LEADER 00000cam a2200000 i 4500
001 1/96519
008 081104s1968 eng d
035 |l 10101372 
040 |a GR-MY-UA  |b gre  |e aacr 
041 0 |a eng 
082 0 |a 510  |2 (22) 
100 1 |a Young, Frederick H. 
245 1 4 |a The nature of mathematics /  |c Frederick H. Young 
260 |a New York :   |b Wiley,   |c c1968 
300 |a xi, 407 σ.;  |b εικ.;  |c 25 εκ. 
504 |a Περιέχει βιβλιογραφικές παραπομπές και ευρετήριο 
650 0 0 |a Mathematics. 
852 |a INST  |b SAMOS  |c MAG  |e 20081104  |h 510 YOU  |p 005300029709  |q 005300029709  |t BK  |y 0 
901 |a BIBL3-2008-3 
909 |a Σ  |b 155271 
970 |a ΡΟΥΣΣΟΥ  |b ΚΩΝΣΤΑΝΤΙΝΑ  |z 2008/11/04